Les pokemons par couleur : rose - Statistiques

Statistiques générales
  • Ce quiz a été pris 15 fois
  • Le résultat moyen est 21 sur 72
Statistiques - réponses
Réponse % Correct
0039 Rondoudou
100%
0040 Grodoudou
83%
0173 Mélo
83%
0035 Mélofée
83%
0036 Mélodelfe
75%
0151 Mew
75%
0113 Leveinard
67%
0242 Leuphorie
58%
0174 Toudoudou
58%
0080 Flagadoss
50%
0080 Flagadoss Forme de Galar
50%
0080 Méga-Flagadoss
50%
0079 Ramoloss
50%
0079 RamolossForme de Galar
50%
0440 Ptiravi
42%
0199 Roigada
42%
0199 RoigadaForme de Galar
42%
0368 Rosabyss
42%
0905 AmovénusForme Avatar
33%
0905 AmovénusForme Totémique
33%
0108 Excelangue
33%
0682 Fluvetin
33%
0370 Lovdisc
33%
0531 Nanméouïe
33%
0700 Nymphali
33%
0856 Bibichut
25%
0857 Chapotus
25%
0760 Chelours
25%
0683 Cocotine
25%
0463 Coudlangue
25%
0719 Diancie
25%
0241 Ecrémeuh
25%
0959 Forgelina
25%
0859 Grimalin
25%
0594 Mamanbo
25%
0719 Méga-Diancie
25%
0439 Mime Jr.
25%
0122 M.Mime
25%
0517 Munna
25%
0518 Mushana
25%
0209 Snubbull
25%
0858 Sorcilence
25%
0858 SorcilenceGigamax
25%
0420 Ceribou
17%
0421 CeriflorTemps Ensoleillé
17%
0222 Corayon
17%
0779 Denticrisse
17%
0973 Flamenroule
17%
0958 Forgella
17%
0860 Fourbelin
17%
0985 Hurle-Queue
17%
0102 Noeunoeuf
17%
0759 Nounourson
17%
0300 Skitty
17%
0786 Tokopiyon
17%
0293 Chuchmur
8%
0481 Créfollet
8%
0754 Floramantis
8%
0957 Forgerette
8%
0187 Granivol
8%
0180 Lainergie
8%
0238 Lippouti
8%
0350 Milobellus
8%
0753 Mimantis
8%
0741 PlumelineStyle Hula
8%
0137 Porygon
8%
0666 PrismillonMotif Floraison
8%
0585 VivaldaimForme Printemps
8%
0869 CharmillyLait Ruby
0%
0968 Ferdeter
0%
0978 NigirigonForme Affalée
0%
0666 PrismillonMotif Fantaisie
0%
Aucun quiz correspondant
Distribution des résultats
% des personnes avec chaque résultat
Percentile par nombre de réponses
Votre historique - résultats
Vous n’avez pas pris ce quiz